El hombre y la ética: humanismo crítico desarrollo moral, contructivismo ético
Salvato in:
| Autore principale: | |
|---|---|
| Natura: | Libro |
| Lingua: | spagnolo |
| Pubblicazione: |
Barcelona
Anthropos
1987
|
| Serie: | Pensamiento Crítico, Pensamiento Utópico, 27
|
| Soggetti: | |
| Tags: |
Aggiungi Tag
Nessun Tag, puoi essere il primo ad aggiungerne!!
|
MARC
| LEADER | 00000nam a2200000 a 4500 | ||
|---|---|---|---|
| 001 | UCY2765 | ||
| 003 | CL-VaPUC | ||
| 008 | 941116e19870000SP |||||||||||||||||spa|d | ||
| 020 | |a 8476580444 | ||
| 082 | 0 | 4 | |a 170 |b RUB |2 21 |
| 100 | 0 | |a Rubio-Carracedo, José |e author |9 330864 | |
| 245 | 1 | 3 | |a El hombre y la ética: humanismo crítico desarrollo moral, contructivismo ético |
| 300 | |a 314 p | ||
| 942 | |c BK | ||
| 945 | |d 19941116 00:00:00 |a aalvarez | ||
| 260 | |a Barcelona |b Anthropos |c 1987 | ||
| 650 | 0 | |a Ética |9 255099 | |
| 650 | 0 | |a Humanismo |9 256530 | |
| 650 | 0 | |a Estructuralismo |9 265696 | |
| 650 | 0 | |a Libertad |9 255686 | |
| 650 | 0 | |a Utopía |9 267298 | |
| 650 | 0 | |a Conciencia |9 309452 | |
| 650 | 0 | |a Relativismo |9 322356 | |
| 650 | 0 | |a Razón práctica |9 330865 | |
| 583 | |a last modification |c 19941116 00:00:00 |k Rodrigo Vera | ||
| 490 | 0 | |a Pensamiento Crítico, Pensamiento Utópico, 27 | |
| 999 | |c 231088 |d 231086 | ||
| 952 | |0 0 |1 0 |4 0 |6 170_000000000000000_RUB_1987 |7 0 |8 A |9 233919 |a BIBTEO |b BIBTEO |d 2019-11-15 |i 3037908 |o 170 RUB 1987 |p 3037908 |r 2025-01-17 |w 2019-11-15 |y BK |k ICR | ||